| 000 | 00590nam a2200169Ia 4500 | ||
|---|---|---|---|
| 003 | SGT | ||
| 020 | _a9780071164689 | ||
| 082 |
_a530 _bKEL 3RD |
||
| 100 | _aKeiser,Gerd | ||
| 245 | _aOptical fiber communication | ||
| 250 | _a3rd & 4th & 5th. . Ed. | ||
| 260 |
_bTata McGraw Hill Education Private Limited _aNew Delhi _c2000 |
||
| 300 | _a602p. | ||
| 650 | _aENGINEERING PHYSICS | ||
| 653 | _aOVERVIEW OF OPTICAL FIBER COMMUNICATIONS,OPTICAL FIBERS STRUCTURES,WAVEGUIDING,AND FABRICATION.SIGNAL DEGRADATION IN OPTICAL FIBER,OPTICAL SOURCES,POWER LAUNCHING AND COUPLING | ||
| 942 |
_2ddc _cBK |
||
| 999 |
_c5353 _d5353 |
||